000 00401nam a2200157Ia 4500
008 210210b1987 xxu||||| |||| 00| 0 eng d
082 _a030 ENCY
100 _aENCYCLOPAEDIA BRITANNICA.
245 _aNew index to the Britannica.V32-L-Z.
260 _aChicago.
_bEncyclopaedia Britannica,
_c1987
300 _a941
440 _a32
650 _aindex
690 _aEncyclopaedia
906 _a039900
999 _c90008
_d90008